000 00480nam a2200181Ia 4500
001 16684
005 20260306170328.0
008 260306t1990||||xx |||||||||||||| ||und||
041 _aESP
082 _a349.1
_bJ94 L. 1
100 _aCatalano, Pierángelo
_eAUT
245 0 _aConstitución Deo Auctore y Libro I del Digesto del Emperador Justiniano
260 _c1990
300 _axi, 249 páginas :
_c21 cm.
650 _aGEN
654 _aCDE
942 _cLIB
_dJUS
_fJUS
_2ddc
_n
999 _c16684
_d16684